[Event "4NCL 2019-20"]
[Site "Daventry"]
[Date "2020.01.11"]
[Round "3"]
[White "Jackson, Sheila"]
[Black "Townsend, M Paul"]
[Result "1-0"]
[WhiteElo "2064"]
[BlackElo "2217"]
[Annotator "ChessBase"]
[PlyCount "99"]
[EventDate "2020.01.11"]
[EventCountry "ENG"]
[SourceTitle "playchess.com"]
[Source "ChessBase"]
[SourceQuality "1"]
[TimeControl "40/6000:3000+30"]

1. e4 {[%emt 0:00:00]} g6 {[%emt 0:00:00]} 2. d4 {[%emt 0:00:00]} Bg7 {[%emt 0:00:00]} 3. Nc3 {[%emt 0:00:00]} d6 {[%emt 0:00:00]} 4. Bg5 {[%emt 0:00:00]} a6 {[%emt 0:00:00]} 5. f4 {[%emt 0:00:00]} b5 {[%emt 0:00:00]} 6. Nf3 {[%emt 0:00:00]} Bb7 {[%emt 0:00:00]} 7. Bd3 {[%emt 0:03:22]} Nd7 {[%emt 0:01:30]} 8. e5 {[%emt 0:06:10]} f6 {[%emt 0:08:22]} 9. exf6 {[%emt 0:05:12]} exf6 {[%emt 0:02:50]} 10. Qe2+ {[%emt 0:01:50]} Qe7 {[%emt 0:09:22]} 11. Qxe7+ {[%emt 0:02:22]} Nxe7 {[%emt 0:00:00]} 12. Bh4 {[%emt 0:00:00]} O-O {[%emt 0:16:32]} 13. O-O {[%emt 0:00:09]} Rfe8 {[%emt 0:03:10]} 14. Rae1 {[%emt 0:00:26]} Nb6 {[%emt 0:04:41]} 15. Be4 {[%emt 0:14:28]} Bxe4 {[%emt 0:05:34]} 16. Nxe4 {[%emt 0:00:51]} Nbd5 {[%emt 0:00:45]} 17. c3 {[%emt 0:04:23]} Nf5 {[%emt 0:01:25]} 18. Bf2 {[%emt 0:11:01]} Nxf4 {[%emt 0:01:45]} 19. Ng3 {[%emt 0:01:59]} Nxg3 {[%emt 0:01:35]} 20. Bxg3 {[%emt 0:00:00]} Ne2+ {[%emt 0:00:47]} 21. Kf2 {[%emt 0:00:00]} Nxg3 {[%emt 0:00:00]} 22. Kxg3 {[%emt 0:00:00]} Bh6 {[%emt 0:00:07]} 23. d5 {[%emt 0:01:49]} Kf7 {[%emt 0:06:19]} 24. Nd4 {[%emt 0:01:06]} Re5 {[%emt 0:06:43]} 25. Nc6 {[%emt 0:02:57]} Rg5+ {[%emt 0:04:43]} 26. Kh3 {[%emt 0:00:07]} Bf8 {[%emt 0:02:22]} 27. Re6 {[%emt 0:03:50]} f5 {[%emt 0:00:13]} 28. g3 {[%emt 0:06:11]} Rg4 {[%emt 0:05:59]} 29. Kg2 {[%emt 0:01:08]} Rc4 {[%emt 0:03:24]} 30. Re3 {[%emt 0:04:46]} Re8 {[%emt 0:00:57]} 31. Rfe1 {[%emt 0:01:59]} Rxe3 {[%emt 0:02:19]} 32. Rxe3 {[%emt 0:00:00]} Rc5 {[%emt 0:00:05]} 33. Nd8+ {[%emt 0:02:27]} Kg8 {[%emt 0:01:53]} 34. Rd3 {[%emt 0:03:28]} Rc4 {[%emt 0:03:56]} 35. b3 {[%emt 0:02:08]} Re4 {[%emt 0:00:00]} 36. Kf2 {[%emt 0:00:52]} Re7 {[%emt 0:01:33]} 37. Re3 {[%emt 0:03:38]} Re5 {[%emt 0:00:27]} 38. c4 {[%emt 0:00:30]} Bh6 {[%emt 0:00:07]} 39. Rxe5 {[%emt 0:00:00]} dxe5 {[%emt 0:00:00]} 40. Ne6 {[%emt 0:00:00]} bxc4 {[%emt 0:00:00]} 41. bxc4 {[%emt 0:49:43]} Kf7 {[%emt 0:22:04]} 42. Nxc7 {[%emt 0:00:00]} Ke7 {[%emt 0:02:17]} 43. c5 {[%emt 0:00:00]} Kd7 {[%emt 0:08:50]} 44. Nxa6 {[%emt 0:00:00]} Bf8 {[%emt 0:01:09]} 45. a4 {[%emt 0:00:00]} g5 {[%emt 0:03:04]} 46. d6 {[%emt 0:00:00]} e4 {[%emt 0:03:37]} 47. Ke3 {[%emt 0:00:00]} h5 {[%emt 0:04:13]} 48. Nb8+ {[%emt 0:00:00]} Kc8 {[%emt 0:00:58]} 49. Nc6 {[%emt 0:00:00]} g4 {[%emt 0:02:28]} 50. Ne7+ {[%emt 0:00:00]} 1-0

[Event "4NCL 2019-20"]
[Site "Daventry"]
[Date "2020.01.11"]
[Round "3"]
[White "Lauterbach, Ingrid"]
[Black "Andrzejewska, Anna"]
[Result "1-0"]
[WhiteElo "2051"]
[BlackElo "1974"]
[Annotator "NA"]
[PlyCount "98"]
[EventDate "2020.01.11"]
[EventCountry "ENG"]
[SourceTitle "playchess.com"]
[Source "ChessBase"]
[SourceQuality "1"]
[TimeControl "40/6000:3000+30"]

1. Nf3 {[%emt 0:00:00]} d5 {[%emt 0:00:00]} 2. g3 {[%emt 0:00:00]} Nf6 {[%emt 0:00:00]} 3. Bg2 {[%emt 0:00:00]} e6 {[%emt 0:00:00]} 4. d3 {[%emt 0:00:00]} Be7 {[%emt 0:01:43]} 5. Nbd2 {[%emt 0:00:00]} O-O {[%emt 0:00:11]} 6. O-O {[%emt 0:00:00]} c5 {[%emt 0:06:55]} 7. e4 {[%emt 0:00:00]} Nc6 {[%emt 0:03:45]} 8. Re1 {[%emt 0:01:04]} Qc7 {[%emt 0:07:13]} 9. c3 {[%emt 0:02:32]} dxe4 {[%emt 0:10:19]} 10. dxe4 {[%emt 0:00:57]} e5 {[%emt 0:03:06]} 11. Qc2 {[%emt 0:03:25]} Rd8 {[%emt 0:04:05]} 12. Nf1 {[%emt 0:12:43]} h6 {[%emt 0:00:44]} 13. Ne3 {[%emt 0:00:00]} Be6 {[%emt 0:00:56]} 14. b3 {[%emt 0:06:13]} b5 {[%emt 0:04:01]} 15. Bf1 {[%emt 0:13:22]} a6 {[%emt 0:07:00]} 16. Bb2 {[%emt 0:02:15]} g6 {[%emt 0:12:49]} 17. Rad1 {[%emt 0:04:12]} Rxd1 {[%emt 0:05:20]} 18. Rxd1 {[%emt 0:00:08]} Rd8 {[%emt 0:00:40]} 19. Rxd8+ {[%emt 0:01:07]} Qxd8 {[%emt 0:00:52]} 20. Nd2 {[%emt 0:07:31]} Ng4 {[%emt 0:05:25]} 21. Nxg4 {[%emt 0:08:21]} Bxg4 {[%emt 0:00:00]} 22. h3 {[%emt 0:00:32]} Be6 {[%emt 0:00:47]} 23. Bg2 {[%emt 0:01:21]} Qd7 {[%emt 0:04:10]} 24. Kh2 {[%emt 0:00:53]} h5 {[%emt 0:01:04]} 25. h4 {[%emt 0:04:50]} Bf6 {[%emt 0:05:08]} 26. Nf1 {[%emt 0:01:03]} c4 {[%emt 0:00:54]} 27. Ne3 {[%emt 0:02:56]} cxb3 {[%emt 0:00:11]} 28. axb3 {[%emt 0:03:18]} Bd8 {[%emt 0:03:10]} 29. Nd5 {[%emt 0:03:42]} Kg7 {[%emt 0:06:57]} 30. c4 {[%emt 0:00:00]} f6 {[%emt 0:00:00]} 31. cxb5 {[%emt 0:00:00]} axb5 {[%emt 0:00:00]} 32. Qc5 {[%emt 0:00:00]} Ne7 {[%emt 0:00:00]} 33. Ba3 {[%emt 0:00:00]} Nxd5 {[%emt 0:00:00]} 34. exd5 {[%emt 0:00:00]} Bf7 {[%emt 0:00:00]} 35. d6 {[%emt 0:00:00]} Be8 {[%emt 0:00:00]} 36. Bb4 {[%emt 0:00:00]} Qg4 {[%emt 0:00:00]} 37. Bh3 {[%emt 0:00:00]} Qd4 {[%emt 0:00:00]} 38. d7 {[%emt 0:00:00]} Qxc5 {[%emt 0:00:00]} 39. dxe8=N+ {[%emt 0:00:00]} Kf7 {[%emt 0:00:00]} 40. Bxc5 {[%emt 0:00:00]} Kxe8 {[%emt 0:00:00]} 41. Bf1 {[%emt 0:50:30]} Kd7 {[%emt 0:47:44]} 42. Bxb5+ {[%emt 0:00:30]} Ke6 {[%emt 0:00:30]} 43. Bc4+ {[%emt 0:00:30]} Kd7 {[%emt 0:00:30]} 44. Bf7 {[%emt 0:00:30]} Kc6 {[%emt 0:04:17]} 45. b4 {[%emt 0:15:02]} g5 {[%emt 0:00:30]} 46. hxg5 {[%emt 0:00:30]} fxg5 {[%emt 0:00:30]} 47. Bxh5 {[%emt 0:00:30]} e4 {[%emt 0:00:30]} 48. Bf7 {[%emt 0:00:30]} Bf6 {[%emt 0:00:30]} 49. Kg2 {[%emt 0:00:30]} Kb5 {[%emt 0:00:30]} 1-0

[Event "4NCL 2019-20"]
[Site "Daventry"]
[Date "2020.01.11"]
[Round "3"]
[White "Skulte, Christopher"]
[Black "Merry, Alan B"]
[Result "0-1"]
[WhiteElo "2033"]
[BlackElo "2423"]
[Annotator "ChessBase"]
[PlyCount "38"]
[EventDate "2020.01.11"]
[EventCountry "ENG"]
[SourceTitle "playchess.com"]
[Source "ChessBase"]
[SourceQuality "1"]
[TimeControl "40/6000:3000+30"]

1. e4 {[%emt 0:00:00]} e6 {[%emt 0:00:00]} 2. d4 {[%emt 0:00:00]} d5 {[%emt 0:00:00]} 3. Nd2 {[%emt 0:00:00]} c5 {[%emt 0:00:00]} 4. exd5 {[%emt 0:00:00]} Qxd5 {[%emt 0:00:00]} 5. Ngf3 {[%emt 0:00:00]} cxd4 {[%emt 0:00:00]} 6. Bc4 {[%emt 0:00:00]} Qd7 {[%emt 0:00:00]} 7. Nb3 {[%emt 0:00:38]} Nc6 {[%emt 0:00:00]} 8. Nbxd4 {[%emt 0:00:16]} Nxd4 {[%emt 0:00:00]} 9. Nxd4 {[%emt 0:00:00]} a6 {[%emt 0:00:00]} 10. Bg5 {[%emt 0:19:18]} Be7 {[%emt 0:00:00]} 11. Bxe7 {[%emt 0:08:24]} Nxe7 {[%emt 0:02:28]} 12. Qg4 {[%emt 0:00:21]} Qc7 {[%emt 0:07:07]} 13. Nf3 {[%emt 0:07:59]} O-O {[%emt 0:08:12]} 14. O-O-O {[%emt 0:04:05]} e5 {[%emt 0:12:36]} 15. Qe4 {[%emt 0:10:46]} Bf5 {[%emt 0:00:00]} 16. Qe2 {[%emt 0:00:00]} Nc6 {[%emt 0:06:14]} 17. Bd3 {[%emt 0:04:47]} e4 {[%emt 0:05:38]} 18. Bxe4 {[%emt 0:03:06]} Rfe8 {[%emt 0:00:59]} 19. Nd2 {[%emt 0:00:47]} Bxe4 {[%emt 0:00:50]} 0-1

[Event "4NCL 2019-20"]
[Site "Daventry"]
[Date "2020.01.11"]
[Round "3"]
[White "Varney, Zoe"]
[Black "Kolbus, Dietmar"]
[Result "0-1"]
[WhiteElo "2004"]
[BlackElo "2294"]
[Annotator "ChessBase"]
[PlyCount "72"]
[EventDate "2020.01.11"]
[EventCountry "ENG"]
[SourceTitle "playchess.com"]
[Source "ChessBase"]
[SourceQuality "1"]
[TimeControl "40/6000:3000+30"]

1. e4 {[%emt 0:00:00]} Nf6 {[%emt 0:00:00]} 2. e5 {[%emt 0:00:15]} Nd5 {[%emt 0:00:00]} 3. d4 {[%emt 0:00:00]} d6 {[%emt 0:00:00]} 4. exd6 {[%emt 0:03:55]} cxd6 {[%emt 0:00:00]} 5. Nf3 {[%emt 0:00:20]} g6 {[%emt 0:01:20]} 6. c4 {[%emt 0:07:53]} Nb6 {[%emt 0:00:07]} 7. Nc3 {[%emt 0:02:39]} Bg7 {[%emt 0:00:00]} 8. Bd3 {[%emt 0:08:31]} O-O {[%emt 0:00:00]} 9. O-O {[%emt 0:00:00]} Nc6 {[%emt 0:03:19]} 10. Be3 {[%emt 0:01:24]} Bg4 {[%emt 0:16:55]} 11. h3 {[%emt 0:11:02]} Bxf3 {[%emt 0:00:10]} 12. Qxf3 {[%emt 0:00:00]} Qd7 {[%emt 0:13:21]} 13. d5 {[%emt 0:04:57]} Ne5 {[%emt 0:01:56]} 14. Qe2 {[%emt 0:00:00]} Rfc8 {[%emt 0:03:11]} 15. Bxb6 {[%emt 0:04:23]} axb6 {[%emt 0:00:00]} 16. Rfc1 {[%emt 0:09:21]} Ra5 {[%emt 0:00:55]} 17. Rab1 {[%emt 0:15:37]} Nxd3 {[%emt 0:01:53]} 18. Qxd3 {[%emt 0:03:02]} Bxc3 {[%emt 0:00:20]} 19. bxc3 {[%emt 0:00:48]} Rxa2 {[%emt 0:03:04]} 20. Rxb6 {[%emt 0:00:16]} Ra4 {[%emt 0:02:42]} 21. Rb4 {[%emt 0:01:57]} b5 {[%emt 0:01:35]} 22. Rxb5 {[%emt 0:04:45]} Raxc4 {[%emt 0:00:00]} 23. Rb3 {[%emt 0:00:53]} Qc7 {[%emt 0:02:53]} 24. Kf1 {[%emt 0:02:23]} Kg7 {[%emt 0:00:12]} 25. Ke2 {[%emt 0:00:01]} Qc5 {[%emt 0:02:15]} 26. f3 {[%emt 0:00:53]} Rc7 {[%emt 0:00:08]} 27. g3 {[%emt 0:06:46]} Qa5 {[%emt 0:04:57]} 28. Rc2 {[%emt 0:00:58]} Qa1 {[%emt 0:03:10]} 29. h4 {[%emt 0:02:37]} Qg1 {[%emt 0:02:46]} 30. f4 {[%emt 0:00:24]} Qg2+ {[%emt 0:02:38]} 31. Kd1 {[%emt 0:00:00]} Qh1+ {[%emt 0:00:00]} 32. Kd2 {[%emt 0:00:00]} R7c5 {[%emt 0:00:06]} 33. Rc1 {[%emt 0:01:50]} Qg2+ {[%emt 0:00:00]} 34. Ke1 {[%emt 0:01:01]} Re4+ {[%emt 0:00:00]} 35. Kd1 {[%emt 0:00:00]} Rxd5 {[%emt 0:00:00]} 36. Qxd5 {[%emt 0:00:00]} Qe2# {[%emt 0:00:00]} 0-1

[Event "4NCL 2019-20"]
[Site "Daventry"]
[Date "2020.01.11"]
[Round "3"]
[White "O'Gorman, Alice"]
[Black "Povah, Nigel E"]
[Result "0-1"]
[WhiteElo "1906"]
[BlackElo "2284"]
[Annotator "ChessBase"]
[PlyCount "74"]
[EventDate "2020.01.11"]
[EventCountry "ENG"]
[SourceTitle "playchess.com"]
[Source "ChessBase"]
[SourceQuality "1"]
[TimeControl "40/6000:3000+30"]

1. e4 {[%emt 0:00:00]} c5 {[%emt 0:00:00]} 2. Nf3 {[%emt 0:00:00]} Nc6 {[%emt 0:00:00]} 3. d4 {[%emt 0:00:00]} cxd4 {[%emt 0:00:00]} 4. Nxd4 {[%emt 0:00:00]} e6 {[%emt 0:00:00]} 5. Nc3 {[%emt 0:00:49]} Qc7 {[%emt 0:00:00]} 6. Ndb5 {[%emt 0:00:49]} Qb8 {[%emt 0:00:00]} 7. Be3 {[%emt 0:00:00]} a6 {[%emt 0:00:00]} 8. Bb6 {[%emt 0:00:00]} axb5 {[%emt 0:00:00]} 9. Nxb5 {[%emt 0:00:00]} Bb4+ {[%emt 0:00:00]} 10. c3 {[%emt 0:00:00]} Ba5 {[%emt 0:00:00]} 11. Nc7+ {[%emt 0:00:00]} Qxc7 {[%emt 0:00:00]} 12. Bxc7 {[%emt 0:00:00]} Bxc7 {[%emt 0:00:00]} 13. Qg4 {[%emt 0:00:00]} Be5 {[%emt 0:00:07]} 14. f4 {[%emt 0:03:03]} Nf6 {[%emt 0:00:30]} 15. Qf3 {[%emt 0:01:58]} Bc7 {[%emt 0:00:11]} 16. g3 {[%emt 0:03:52]} O-O {[%emt 0:12:45]} 17. Bd3 {[%emt 0:02:36]} d5 {[%emt 0:18:51]} 18. e5 {[%emt 0:08:54]} Nd7 {[%emt 0:00:00]} 19. h4 {[%emt 0:01:19]} f6 {[%emt 0:06:29]} 20. Qh5 {[%emt 0:04:21]} h6 {[%emt 0:10:45]} 21. g4 {[%emt 0:08:12]} fxe5 {[%emt 0:03:45]} 22. g5 {[%emt 0:01:36]} e4 {[%emt 0:03:58]} 23. Rg1 {[%emt 0:10:22]} Rf7 {[%emt 0:26:44]} 24. Be2 {[%emt 0:05:09]} Bxf4 {[%emt 0:03:22]} 25. Bg4 {[%emt 0:03:04]} Nde5 {[%emt 0:03:32]} 26. g6 {[%emt 0:07:00]} Rf6 {[%emt 0:00:28]} 27. Kd1 {[%emt 0:01:42]} Bd7 {[%emt 0:00:50]} 28. Rf1 {[%emt 0:01:38]} Nc4 {[%emt 0:01:50]} 29. Ke2 {[%emt 0:02:28]} Raf8 {[%emt 0:01:41]} 30. Bh3 {[%emt 0:01:26]} N4e5 {[%emt 0:00:00]} 31. Kd1 {[%emt 0:00:51]} Nd3 {[%emt 0:00:32]} 32. Kc2 {[%emt 0:02:14]} Nce5 {[%emt 0:00:00]} 33. b3 {[%emt 0:01:59]} b5 {[%emt 0:00:00]} 34. a4 {[%emt 0:01:37]} bxa4 {[%emt 0:00:13]} 35. bxa4 {[%emt 0:00:00]} Nc4 {[%emt 0:00:00]} 36. Rfb1 {[%emt 0:06:00]} Bd6 {[%emt 0:00:00]} 37. Bf1 {[%emt 0:00:14]} Rf2+ {[%emt 0:01:02]} 0-1

[Event "4NCL 2019-20"]
[Site "Daventry"]
[Date "2020.01.11"]
[Round "3"]
[White "York-Weaving, Anna"]
[Black "Hebden, Mark L"]
[Result "0-1"]
[WhiteElo "1739"]
[BlackElo "2434"]
[Annotator "RC"]
[PlyCount "58"]
[EventDate "2020.01.11"]
[EventCountry "ENG"]
[SourceTitle "playchess.com"]
[Source "ChessBase"]
[SourceQuality "1"]
[TimeControl "40/6000:3000+30"]

1. e4 {[%emt 0:00:00]} e5 {[%emt 0:00:00]} 2. Nf3 {[%emt 0:00:00]} Nc6 {[%emt 0:00:00]} 3. Bb5 {[%emt 0:00:00]} a6 {[%emt 0:00:00]} 4. Ba4 {[%emt 0:00:00]} Nf6 {[%emt 0:00:00]} 5. Qe2 {[%emt 0:00:00]} Be7 {[%emt 0:00:00]} 6. c3 {[%emt 0:00:13]} b5 {[%emt 0:00:00]} 7. Bb3 {[%emt 0:00:00]} O-O {[%emt 0:00:00]} 8. O-O {[%emt 0:00:07]} d5 {[%emt 0:00:00]} 9. exd5 {[%emt 0:14:28]} e4 {[%emt 0:00:00]} 10. dxc6 {[%emt 0:07:00]} Bg4 {[%emt 0:00:00]} 11. d4 {[%emt 0:03:44]} exf3 {[%emt 0:00:00]} 12. gxf3 {[%emt 0:00:00]} Bh3 {[%emt 0:02:43]} 13. Re1 {[%emt 0:05:24]} Re8 {[%emt 0:06:31]} 14. Nd2 {[%emt 0:03:02]} Qd6 {[%emt 0:01:02]} 15. Ne4 {[%emt 0:05:48]} Nxe4 {[%emt 0:02:12]} 16. Qxe4 {[%emt 0:03:36]} Bf8 {[%emt 0:00:00]} 17. Bf4 {[%emt 0:04:48]} Rxe4 {[%emt 0:00:00]} 18. Bxd6 {[%emt 0:00:00]} Rxe1+ {[%emt 0:00:00]} 19. Rxe1 {[%emt 0:00:00]} Bxd6 {[%emt 0:00:00]} 20. a4 {[%emt 0:06:19]} Kf8 {[%emt 0:10:36]} 21. axb5 {[%emt 0:11:34]} axb5 {[%emt 0:00:42]} 22. c4 {[%emt 0:00:00]} bxc4 {[%emt 0:02:13]} 23. Bxc4 {[%emt 0:00:00]} Bb4 {[%emt 0:03:47]} 24. Rd1 {[%emt 0:00:56]} Ke7 {[%emt 0:00:29]} 25. Bf1 {[%emt 0:10:37]} Bxf1 {[%emt 0:00:19]} 26. Kxf1 {[%emt 0:00:00]} Kd6 {[%emt 0:00:00]} 27. Ke2 {[%emt 0:03:27]} Ra2 {[%emt 0:01:09]} 28. d5 {[%emt 0:02:23]} Rxb2+ {[%emt 0:00:21]} 29. Ke3 {[%emt 0:00:02]} Bc5+ {[%emt 0:00:09]} 0-1

[Event "4NCL 2019-20"]
[Site "Daventry"]
[Date "2020.01.11"]
[Round "3"]
[White "Benhamida, Aisha"]
[Black "McDonald, Neil"]
[Result "0-1"]
[WhiteElo "1577"]
[BlackElo "2408"]
[Annotator "ChessBase"]
[PlyCount "92"]
[EventDate "2020.01.11"]
[EventCountry "ENG"]
[SourceTitle "playchess.com"]
[Source "ChessBase"]
[SourceQuality "1"]
[TimeControl "40/6000:3000+30"]

1. e4 {[%emt 0:00:00]} d5 {[%emt 0:00:00]} 2. exd5 {[%emt 0:00:00]} Qxd5 {[%emt 0:00:00]} 3. Nc3 {[%emt 0:00:00]} Qd6 {[%emt 0:00:00]} 4. Nf3 {[%emt 0:00:34]} Nf6 {[%emt 0:00:00]} 5. Bc4 {[%emt 0:03:41]} g6 {[%emt 0:00:07]} 6. O-O {[%emt 0:00:00]} Bg7 {[%emt 0:00:16]} 7. d3 {[%emt 0:00:00]} O-O {[%emt 0:01:11]} 8. h3 {[%emt 0:01:05]} a6 {[%emt 0:00:51]} 9. Re1 {[%emt 0:04:27]} b5 {[%emt 0:00:39]} 10. Bb3 {[%emt 0:00:00]} Bb7 {[%emt 0:01:15]} 11. Bg5 {[%emt 0:05:51]} Nc6 {[%emt 0:06:26]} 12. Qd2 {[%emt 0:01:33]} Na5 {[%emt 0:03:04]} 13. Bf4 {[%emt 0:09:47]} Qd8 {[%emt 0:03:45]} 14. Ne5 {[%emt 0:05:39]} Nxb3 {[%emt 0:03:28]} 15. axb3 {[%emt 0:01:03]} Re8 {[%emt 0:01:00]} 16. Bh6 {[%emt 0:04:55]} Bh8 {[%emt 0:01:06]} 17. Qf4 {[%emt 0:02:08]} Qd6 {[%emt 0:06:21]} 18. g4 {[%emt 0:01:48]} b4 {[%emt 0:10:41]} 19. Ne4 {[%emt 0:09:24]} Qd5 {[%emt 0:04:33]} 20. Nc4 {[%emt 0:11:24]} Rac8 {[%emt 0:14:08]} 21. Ra5 {[%emt 0:00:13]} Qe6 {[%emt 0:04:28]} 22. Re5 {[%emt 0:04:05]} Nd5 {[%emt 0:00:31]} 23. Qg3 {[%emt 0:15:40]} Bxe5 {[%emt 0:00:00]} 24. Nxe5 {[%emt 0:00:00]} Nf6 {[%emt 0:06:37]} 25. Ng5 {[%emt 0:02:34]} Qd5 {[%emt 0:00:00]} 26. Qh2 {[%emt 0:00:51]} Rf8 {[%emt 0:09:29]} 27. Bxf8 {[%emt 0:06:03]} Rxf8 {[%emt 0:00:00]} 28. f4 {[%emt 0:00:00]} Kg7 {[%emt 0:04:09]} 29. Ngf3 {[%emt 0:00:46]} Ne8 {[%emt 0:04:08]} 30. Nd2 {[%emt 0:01:07]} Nd6 {[%emt 0:00:38]} 31. Nef3 {[%emt 0:00:28]} Qc5+ {[%emt 0:02:00]} 32. d4 {[%emt 0:00:40]} Qxc2 {[%emt 0:00:01]} 33. Qe2 {[%emt 0:00:00]} Qxb2 {[%emt 0:01:57]} 34. Rb1 {[%emt 0:00:50]} Qc2 {[%emt 0:00:48]} 35. Rf1 {[%emt 0:00:02]} Ne4 {[%emt 0:01:17]} 36. Re1 {[%emt 0:00:08]} Nxd2 {[%emt 0:00:12]} 37. Nxd2 {[%emt 0:00:00]} Kg8 {[%emt 0:00:18]} 38. Qe3 {[%emt 0:00:00]} Rd8 {[%emt 0:00:35]} 39. Qxe7 {[%emt 0:00:00]} Qxd2 {[%emt 0:00:23]} 40. Re2 {[%emt 0:02:20]} Qxd4+ {[%emt 0:00:00]} 41. Rf2 {[%emt 0:50:27]} Qd1+ {[%emt 0:50:32]} 42. Kh2 {[%emt 0:00:11]} Qh1+ {[%emt 0:00:18]} 43. Kg3 {[%emt 0:00:12]} Rd3+ {[%emt 0:01:43]} 44. Kh4 {[%emt 0:00:10]} Rxh3+ {[%emt 0:00:23]} 45. Kg5 {[%emt 0:00:11]} Rh5+ {[%emt 0:00:11]} 46. Kf6 {[%emt 0:01:02]} Qc6+ {[%emt 0:00:14]} 0-1

[Event "4NCL 2019-20"]
[Site "Daventry"]
[Date "2020.01.12"]
[Round "4"]
[White "Jones, Gawain C B"]
[Black "Jackson, James P"]
[Result "1-0"]
[WhiteElo "2679"]
[BlackElo "2392"]
[Annotator "TA"]
[PlyCount "67"]
[EventDate "2020.01.11"]
[EventCountry "ENG"]
[SourceTitle "playchess.com"]
[Source "ChessBase"]
[SourceQuality "1"]

{[%evp 13,162,26,54,40,41,36,37,38,52,49,52,25,33,26,25,31,25,16,29,22,24,21,21,27,30,41,48,16,30,22,34,16,35,8,29,34,32,23,25,16,43,0,0,0,0,-41,0,0,13,0,0,-16,-7,-27,104,45,38,0,0,0,0,-21,-18,-20,-23,-208,-201,-210,-228,-267,-239,-246,-241,-239,-219,-270,-219,-278,-244,-252,-250,-320,-326,-321,-288,-285,-272,-400,-394,-523,-526,-492,-461,-379,0,-407,-104,-121,-101,-110,-108,-108,-119,-78,-81,-67,-82,-136,0,-67,-60,-60,-68,-79,0,0,0,-57,-159,-83,-67,-181,-172,-403,-426,-563,-435,-463,-238,-257,-178,-1384,-1329,-948,0,0,384,366,374,370,314,329,1382,95,4132,4132,29965,29970,12838,5218,29999]} 1. e4 e5 2. Nf3 Nc6 3. Bc4 Nf6 4. d3 Be7 5. O-O O-O 6. Re1 d6 7. a4 Kh8 8. h3 {C55: Two Knights: 4 d3, 4 d4 exd4 5 e5 and Max Lange Attack.} Ng8 9. Nc3 f5 10. Nd5 {White is slightly better.} fxe4 11. dxe4 Be6 12. a5 a6 {[#]} 13. Qd3 $146 ({Predecessor:} 13. c3 Qd7 14. Be3 Nf6 15. Nd2 Bg8 16. b4 Nxd5 17. Bxd5 Nd8 18. c4 c6 19. Bxg8 Kxg8 {1-0 (53) Yudin,S (2508)-Harshavardhan,G (2343) Chennai 2020}) 13... Qd7 14. Bd2 Bd8 15. b4 Qf7 16. Kh1 h6 17. Rab1 Nce7 18. Ne3 Ng6 19. Bxe6 Qxe6 20. Ng4 c6 21. c4 Bc7 22. Red1 Nf6 23. Nfh2 Nxg4 24. Nxg4 h5 25. Ne3 Rxf2 26. Nf5 Ne7 {[%cal Bg6e7,Be7g8,Bg8f6][%mdl 32]} 27. Rf1 Rxf1+ 28. Rxf1 Rf8 29. Bg5 (29. Nxe7 {with more complications.} Rxf1+ 30. Qxf1 Qxe7 31. b5 cxb5 32. cxb5 axb5 33. Qxb5 Bd8 34. Qd5) 29... Ng8 30. Nh4 Rf7 31. Rf3 Nf6 32. Qe2 Nh7 33. Rg3 g6 (33... d5 $1 $11 {remains equal.}) 34. Bh6 {Played: Bg5-d8} 1-0

[Event "4NCL 2019-20"]
[Site "Daventry"]
[Date "2020.01.12"]
[Round "4"]
[White "McShane, Luke J"]
[Black "Merry, Alan B"]
[Result "1-0"]
[WhiteElo "2677"]
[BlackElo "2423"]
[Annotator "TA"]
[PlyCount "105"]
[EventDate "2020.01.11"]
[EventCountry "ENG"]
[SourceTitle "playchess.com"]
[Source "ChessBase"]
[SourceQuality "1"]

{[%evp 9,105,9,39,41,58,50,58,40,58,56,60,62,57,38,37,32,38,12,49,18,16,0,0,0,0,0,34,19,32,0,1,0,0,-26,-11,-16,0,0,0,-28,-36,-25,-20,-54,0,0,29,0,74,66,77,74,207,115,395,361,400,245,278,279,270,262,620,291,572,328,581,0,542,227,564,277,410,371,526,517,589,268,254,252,259,303,352,193,216,174,177,177,183,180,150,157,179,172,170,170,29990,29991]} 1. c4 c5 2. g3 g6 3. Bg2 Bg7 4. Nc3 Nc6 5. e3 Bxc3 6. dxc3 {A36: Symmetrical English vs ...g6: 4 Bg2 Bg7.} b6 7. Nh3 Bb7 8. Nf4 {White is slightly better.} d6 9. e4 Qd7 10. b3 e6 {[#]} 11. a4 $146 ({Predecessor:} 11. O-O h5 12. h3 O-O-O 13. Qe2 Nge7 14. Rd1 h4 15. g4 f6 16. Be3 f5 17. Nd3 {½-½ (45) Lucena,L (2206)-Saldano Dayer,H (2450) Brasilia 2009}) 11... Nf6 12. Ra2 h5 13. f3 g5 14. Nd3 Rg8 15. h4 gxh4 16. gxh4 Qc7 17. Kf1 Nd7 18. Bg5 f6 19. Be3 e5 20. f4 O-O-O $1 21. Qxh5 Na5 22. Qd1 Rxg2 23. Rxg2 Bxe4 24. Nf2 Bxg2+ 25. Kxg2 f5 26. fxe5 Nxe5 ({Black should try} 26... dxe5 $15 27. Bg5 Rg8) 27. Bg5 $36 {[%mdl 2048] White has the initiative.} Rf8 28. Kf1 Kb7 (28... Qc6 $1 $11) 29. h5 $16 Qg7 30. Bf4 Ng4 (30... Qf6 $16) 31. Rh3 (31. Qxd6 $18 {Hoping for h6.} Nxb3 32. Rh3 (32. h6 Qxc3 33. Nxg4 fxg4 $16)) 31... Rg8 $2 {[%mdl 8192]} (31... Nxb3 $16 {is a better defense.} 32. Qxb3 Nxf2 33. Kxf2 Qg4) 32. h6 Nxh6 {...Qg2+ is the strong threat.} 33. Bxh6 Qg2+ 34. Ke2 ({Much less strong is} 34. Ke1 $6 Ka6 $18) 34... Ka6 35. Bf4 Rg4 $2 (35... Qg1 36. Bxd6 Qxd1+ 37. Nxd1 Rg2+ 38. Kd3 Nxb3) 36. Rf3 (36. Rh2 $142 Qg1 37. Qxd6 Nxb3 38. Nxg4 Qxg4+ 39. Kf2) 36... Rg6 $2 (36... Rg8 {was necessary.} 37. Qxd6 Nxb3) 37. Re3 Rg4 $2 (37... Qg1 38. Re7 Qxd1+ 39. Nxd1 Nxb3) 38. Rf3 Rg6 $1 39. Qc2 (39. b4 $142 {Strongly threatening b5+.} Re6+ 40. Kd3) 39... Qg1 $2 (39... Re6+ {is a better chance.} 40. Re3 Qg6 41. Rxe6 Qxe6+ 42. Kf1 Kb7) 40. Be3 (40. Qxf5 $142 Nxb3 41. Qd7) 40... Qa1 (40... Rf6 $142 41. b4 (41. Rxf5 $2 Qg6 $19) 41... Nxc4 42. bxc5 (42. Rxf5 Qg6 $11) 42... Qg8 43. cxb6 axb6) 41. Nd3 Qh1 (41... Rg2+ $142 42. Bf2 Rh2) 42. Nf4 $18 Rh6 43. Rf1 (43. b4 $142) 43... Rh2+ 44. Bf2 $1 Qa8 45. Nd5 Qh8 46. Ke1 (46. Qxf5 $142 {And now b4 would win.} Rh5 47. Qe4) 46... Qh6 47. Kd1 Qh3 {[#]} 48. Qe2 $1 {Threatens to win with b4.} Nxb3 49. Kc2 Na5 {[#]} 50. Nc7+ $1 Kb7 51. Nb5 {White wants to mate with Qe7+.} Ka6 52. Nxd6 {White threatens Qe8! and mate.} f4 $2 {[#]} (52... Qh6 $18) 53. Qe8 $1 {[%mdl 512] Accuracy: White = 58%, Black = 46%.} 1-0